الاثار الباقية عن القرون الخالية / (Record no. 31605)
[ view plain ]
| 000 -الفاتح | |
|---|---|
| حقل البيانات ثابتة الطول | 00501nam a2200145Ia 4500 |
| 008 - عناصر البيانات ثابتة الطول - معلومات عامة | |
| حقل البيانات ثابتة الطول | 140319s9999 xx 000 0 ara d |
| 040 ## - مصدر الفهرسة | |
| وكالة الفهرسة الأصلية | GCL / |
| وكالة النسخ | GCL |
| 082 04 - رقم تصنيف ديوى العشرى | |
| رقم التصنيف | 953.520 |
| رقم المادة | ط ا |
| 100 1# - المدخل الرئيسى - إسم شخصى | |
| الإسم الشخصى | الطبرى، ابوجعفر محمد بن جرير، 839-923 م |
| 245 10 - بيان العنوان | |
| العنوان | الاثار الباقية عن القرون الخالية / |
| بيان المسئوليه,etc | الطبرى، ابوجعفر محمد بن جرير، 839-923 م |
| 300 ## - الوصف المادى | |
| التعداد | 362 |
| 490 ## - بيان السلسلة | |
| عنوان السلسلة | |
| 260 ## - PUBLICATION, DISTRIBUTION, ETC. (IMPRINT) | |
| -- | [S.N] : |
| -- | مكتبة المتنبى |
| حالة التراجع | حالة الفقد | حالة تلف | ليس للاعارة | المكان المؤقت | الموقع الحالى | تاريخ الاكتساب | اجمالي اﻻعارات | رقم الطلب | الباركود | تاريخ اخر مشاهدة | تاريخ تفعيل السعر | نوع وعاء كوها |
|---|---|---|---|---|---|---|---|---|---|---|---|---|
| مكتبة القاهرة الكبرى | مكتبة القاهرة الكبرى | 03/26/2014 | 953.520\ط ا | 74076 | 03/26/2014 | 03/26/2014 | كتاب | |||||
| مكتبة القاهرة الكبرى | مكتبة القاهرة الكبرى | 03/26/2014 | 953.520\ط ا | 74077 | 03/26/2014 | 03/26/2014 | كتاب | |||||
| مكتبة القاهرة الكبرى | مكتبة القاهرة الكبرى | 03/26/2014 | 953.520\ط ا | 74078 | 03/26/2014 | 03/26/2014 | كتاب |

